भारत एवं तिब्बत: (Record no. 215572)

MARC details
000 -LEADER
fixed length control field 00882nam a22001817a 4500
005 - DATE AND TIME OF LATEST TRANSACTION
control field 20260313144935.0
010 ## - LCCN (DPL NO)
LC control number BACHN26
020 ## - INTERNATIONAL STANDARD BOOK NUMBER
International Standard Book Number 9789349218840
Terms of availability 400.00
037 ## - SOURCE OF ACQUISITION
Source of stock number/acquisition समकालीन प्रकाशन
082 ## - DEWEY DECIMAL CLASSIFICATION NUMBER
Edition number 1
Classification number 954
245 ## - TITLE STATEMENT
Title भारत एवं तिब्बत:
Remainder of title सुरक्षा एवं सांस्कृतिक संचार/
Statement of responsibility, etc रविंदर सिंह [और] हरिओम कोचर द्वारा सम्पादित
250 ## - EDITION STATEMENT
Edition statement 1
260 ## - PUBLICATION, DISTRIBUTION, ETC. (IMPRINT)
Name of publisher, distributor, etc समकालीन प्रकाशन
Date of publication, distribution, etc 2025
Place of publication, distribution, etc नई दिल्ली
300 ## - PHYSICAL DESCRIPTION
Extent 159पृ.
Dimensions 22सी.मी(साजिल्द)
700 ## - ADDED ENTRY--PERSONAL NAME
Personal name रविंदर सिंह
Relator term संपादक
9 (RLIN) 88464
700 ## - ADDED ENTRY--PERSONAL NAME
Personal name कोचर, हरिओम
Relator term संपादक
9 (RLIN) 88465
942 ## - ADDED ENTRY ELEMENTS (KOHA)
Source of classification or shelving scheme Dewey Decimal Classification
Call number suffix भारत
Item type Hindi Books
Classification part 954

No items available.


© Delhi Public Library
Hit Counter
free hit counter